Foreign languaje english : (Record no. 201549)

MARC details
000 -CABECERA
campo de control de longitud fija 00921nam a2200241 u 4500
005 - FECHA Y HORA DE LA ÚLTIMA TRANSACCIÓN
campo de control 20240221063713.0
008 - ELEMENTOS DE LONGITUD FIJA--INFORMACIÓN GENERAL
campo de control de longitud fija 190306s2006 mx 000 0 spa d
020 ## - NÚMERO INTERNACIONAL NORMALIZADO PARA LIBROS
Número Internacional Estándar del Libro 9689076175
035 ## - NÚMERO DE CONTROL DEL SISTEMA
Número de control de sistema UPN01000229454
049 ## - COLECCIÓN
Colección LTG
050 #4 - SIGNATURA TOPOGRÁFICA DE LA BIBLIOTECA DEL CONGRESO
Número de clasificación LB2003 A1
Número de documento/Ítem I5.63
100 1# - ASIENTO PRINCIPAL--NOMBRE PERSONAL
Nombre de persona Aramayo Prudencio, Pilar
9 (RLIN) 43116
245 10 - MENCIÓN DE TÍTULO
Título Foreign languaje english :
Resto del título lengua extranjera inglés : study guide /
Mención de responsabilidad, etc. Pilar Aramayo Prudencio, María Aidee Liliana Armenta Ortiz, Caroline Moore.
260 ## - PUBLICACIÓN, DISTRIBUCIÓN, ETC.
Lugar de publicación, distribución, etc. México :
Nombre del editor, distribuidor, etc. SEP, Comisión Nacional de Libros de Texto Gratuitos
Fecha de publicación, distribución, etc. 2006.
300 ## - DESCRIPCIÓN FÍSICA
Extensión 60 p. :
Otras características físicas tablas
440 #0 - MENCIÓN DE SERIE/ASIENTO SECUNDARIO--TÍTULO
Título Reforma de la educación secundaria
650 #4 - ASIENTO SECUNDARIO DE MATERIA - TERMINO TEMATICO
Término de materia o nombre geográfico como elemento de entrada Inglés
Subdivisión general Planes y programas
9 (RLIN) 11185
650 #4 - ASIENTO SECUNDARIO DE MATERIA - TERMINO TEMATICO
Término de materia o nombre geográfico como elemento de entrada Educación secundaria
Subdivisión geográfica México
Subdivisión general Planes y programas
9 (RLIN) 9976
700 1# - ASIENTO SECUNDARIO--NOMBRE DE PERSONAL
Nombre de persona Armenta Ortiz, María Aidee Liliana,
Término indicativo de función/relación coaut.
9 (RLIN) 43117
700 1# - ASIENTO SECUNDARIO--NOMBRE DE PERSONAL
Nombre de persona Moore, Caroline,
Término indicativo de función/relación coaut.
9 (RLIN) 43118
905 ## - TIPO DE MATERIAL
Tipo de material Libro
Holdings
Estado de retiro Estado de pérdida Fuente del sistema de clasificación o colocación Estado dañado No para préstamo Código de colección Localización permanente Ubicación/localización actual Ubicación en estantería Fecha de adquisición Clasificación Código de barras Fecha visto por última vez Número de copia Tipo de ítem Koha
    Library of Congress Classification   Disponible (Préstamo en sala) Libros de texto gratuitos Bib. Gregorio Torres Quintero Bib. Gregorio Torres Quintero Colecciones especiales Planta alta 03/05/2023 LB2003 A1 I5.63 330016 31/12/2020 1 Libro